000 00309nam a22001097a 4500
999 _c2998
_d2998
005 20200925141013.0
008 200925b ||||| |||| 00| 0 eng d
040 _cCML
245 _aA Midsummer Night's Dream.
_cLever, J
260 _aLondon
_bCox & Wyman Ltd
_c1961
942 _2ddc
_cBK
_h822
_mSHA